Forbidden Memories (Record no. 93624)

MARC details
000 -LEADER
fixed length control field 01679nam a2200229Ii 4500
008 - FIXED-LENGTH DATA ELEMENTS--GENERAL INFORMATION
fixed length control field 221202s xx 000 0 und d
245 #0 - TITLE STATEMENT
Title Forbidden Memories
246 ## - VARYING FORM OF TITLE
Title proper/short title Women's Experiences of 1965 in Eastern Indonesia
264 ## - PRODUCTION, PUBLICATION, DISTRIBUTION, MANUFACTURE, AND COPYRIGHT NOTICE
Name of producer, publisher, distributor, manufacturer Monash University Publishing
Date of production, publication, distribution, manufacture, or copyright notice 2015
300 ## - PHYSICAL DESCRIPTION
Extent 1 online resource
336 ## - CONTENT TYPE
Content type term text
Content type code txt
Source rdacontent
337 ## - MEDIA TYPE
Media type term computer
Media type code c
Source rdamedia
338 ## - CARRIER TYPE
Carrier type term online resource
Carrier type code cr
Source rdacarrier
520 ## - SUMMARY, ETC.
Summary, etc. This is the first book to consider the experiences of women survivors of the 1965 anti-communist violence in the majority Christian region of Eastern Indonesia. So far, most studies of the 1965 violence have focused on the Muslim majority population of Java and the Hindu majority population of Bali. Forbidden Memories presents stories from across the regions of Sumba, Sabu, Alor, Kupang and other parts of West Timor of women who were imprisoned and tortured or whose husbands were murdered. The book comprises a critical examination of the role of the Protestant Church at the time of the violence and, in its aftermath, the ongoing sanctions and political purges against those considered to be supporters of the Indonesian Communist Party. The writers argue that religious and state institutions failed to care for this vulnerable community in the face of state terrorism and a culture of fear.
653 ## - INDEX TERM--UNCONTROLLED
Uncontrolled term Genocide Studies
653 ## - INDEX TERM--UNCONTROLLED
Uncontrolled term History
653 ## - INDEX TERM--UNCONTROLLED
Uncontrolled term Indonesia
700 1# - ADDED ENTRY--PERSONAL NAME
Personal name Kolimon, Mery
700 1# - ADDED ENTRY--PERSONAL NAME
Personal name Wetangterah, Liliya
856 ## - ELECTRONIC LOCATION AND ACCESS
Uniform Resource Identifier <a href="https://docs.google.com/spreadsheets/d/1yKIrdCPDAG_9c22mwoOIO2DOhtj65Wqa/edit?usp=sharing&ouid=106555315294820607512&rtpof=true&sd=true ">https://docs.google.com/spreadsheets/d/1yKIrdCPDAG_9c22mwoOIO2DOhtj65Wqa/edit?usp=sharing&ouid=106555315294820607512&rtpof=true&sd=true </a>
Link text List of Curated E-Books
942 ## - ADDED ENTRY ELEMENTS (KOHA)
Koha item type E-Book

No items available.

University of Rizal System
Email us at univlibservices@urs.edu.ph

Visit our Website www.urs.edu.ph/library